Správa o sociálnej situácii obyvateľstva Slovenskej republiky v roku 2002
Doplnkové dôchodkové poistenie. Prídavky na deti a príspevok k prídavku na dieťa. Rodičovský príspevok. Zaopatrovací príspevok. Príspevky pestúnskej starostlivosti. Odmena pestúna. Príspevok pri narodení dieťaťa. Príspevok na pohreb. Príspevok na bývanie.
Guardado en:
| Formato: | Capítulo de libro |
|---|---|
| Lenguaje: | eslovaco |
| Materias: | |
| Etiquetas: |
Sin Etiquetas, Sea el primero en etiquetar este registro!
|
MARC
| LEADER | 00000naa$a2200000$$$4500 | ||
|---|---|---|---|
| 001 | 0001391 | ||
| 005 | 20230807081947.9 | ||
| 041 | 0 | |a slo | |
| 044 | |a SK | ||
| 245 | 1 | 0 | |a Správa o sociálnej situácii obyvateľstva Slovenskej republiky v roku 2002 |
| 520 | |a Doplnkové dôchodkové poistenie. Prídavky na deti a príspevok k prídavku na dieťa. Rodičovský príspevok. Zaopatrovací príspevok. Príspevky pestúnskej starostlivosti. Odmena pestúna. Príspevok pri narodení dieťaťa. Príspevok na pohreb. Príspevok na bývanie. | ||
| 610 | 2 | 0 | |a 2002 |
| 610 | 2 | 0 | |a Slovensko |
| 610 | 2 | 0 | |a poistenie dôchodkové doplnkové |
| 610 | 2 | 0 | |a prídavky na deti |
| 610 | 2 | 0 | |a príspevok rodičovský |
| 610 | 2 | 0 | |a príspevky sociálne |